عرض عادي
عرض مارك
- Knowles, Elizabeth
مدخل إسم شخص
001 - رقم الضبط
- حقل الضبط: 7330
003 - معرف رقم الضبط
- حقل الضبط: OSt
005 - تاريخ ووقت أخر عملية
- حقل الضبط: 20111208102019.0
008 - عناصر بيانات ثابتة الطول
- حقل تحكم ثابت الطول: 111208|||a|||||| | ||| d
040 ## - مصدر الفهرسة
- هيئة الفهرسة الأصلية: OSt
- وكالة الكتابة: OSt
100 ## - مدخل -- أسم شخص
- إسم شخص: Knowles, Elizabeth
- الشكل الكامل للاسم: (Elizabeth M.)
670 ## - بيانات المصدر موجوده
- الاستشهاد بالمصدر: Work cat.: (OSt)20575: Knowles, Elizabeth (Elizabeth M.), How to read a word /, 2010.
